Comunicación masiva en hispanoamérica: cultura y literatura mediática

I tiakina i:
Ngā taipitopito rārangi puna kōrero
Ngā kaituhi matua: Baran, Stanley J (Author), Hidalgo Toledo, Jorge Alberto (Author)
Hōputu: Pukapuka
Reo:Pāniora
I whakaputaina: Ciudad de México Mc Graw-Hill 2005
Putanga:3a. ed
Ngā marau:
Ngā Tūtohu: Tāpirihia he Tūtohu
Kāore He Tūtohu, Me noho koe te mea tuatahi ki te tūtohu i tēnei pūkete!

MARC

LEADER 00000nam a2200000 a 4500
001 UCJ2491
003 CL-VaPUC
005 20240102104108.0
008 061222e20050000MX |||||||||||||||||spa|d
999 |c 318729  |d 318727 
020 |a 9701048288 
040 |c Pontificia Universidad Católica de Valparaíso 
082 0 4 |a 302.2  |b BAR  |2 21 
100 0 |a Baran, Stanley J  |e author  |9 503436 
245 1 0 |a Comunicación masiva en hispanoamérica: cultura y literatura mediática 
250 |a 3a. ed 
260 |a Ciudad de México  |b Mc Graw-Hill  |c 2005 
300 |a 773 p 
583 |a last modification  |c 20061222 00:00:00  |k Rodrigo Vera 
650 0 |a Medios de comunicación social  |9 886840  |z América Latina 
650 0 |a Cultura de masas  |9 334655 
650 0 |a Relaciones públicas  |9 331772 
650 0 |a Medios digitales  |9 886843 
650 0 |a Libros  |9 334511 
700 |a Hidalgo Toledo, Jorge Alberto  |e author  |9 503437 
942 |c BK  |2 ddc 
945 |d 20061222 00:00:00  |a jtorresc 
952 |0 0  |1 0  |4 0  |6 302_200000000000000_BAR_2005  |7 0  |8 R  |9 396766  |a BIBENE  |b BIBENE  |d 2019-11-22  |i 4308832  |o 302.2 BAR 2005  |p 4308832  |r 2025-01-15  |w 2019-11-22  |y BK_R  |k ICO